000 02421nam a2200253 4500
008 s2002 fr fre u
020 _a2130433030
020 _a9782130433033
040 _aLB-BrCRDP
082 1 _a109
_bHUS
100 1 _aHusserl, Edmund
245 1 0 _aPhilosophie première. Tome 1- Histoire critique des idées
_cEdmund Husserl
250 _a3e éd.
260 _aParis
_bPuf
_c2002
300 _a368 p.
_c22 cm
490 0 _aEpiméthée
500 _aTable des matières, index des noms.
520 _aReproduisant pour l'essentiel un cours du semestre d'hiver 1923-24, Philosophie première de Hussserl développe pour la première fois une problématique qui sera en grande partie celle des années trente et amorce des interrogations auxquelles Krisis, sa dernière œuvre, tentera d'apporter des réponses ; elle inaugure ainsi la mutation de la phénoménologie en confirmant sa mission historique en même temps que sa vocation rationaliste et humaniste.La première partie du texte, intitulée Histoire critique des idées , apporte un démenti flagrant à la thèse d'un Husserl rebelle à l'histoire de la philosophie et à toute " philosophie de l'histoire ". Si la phénoménologie s'était d'abord définie tout autant par son anti-historicisme que par son anti-psychologisme, la prise de conscience de son sens impose une Selbstbesinnung historique du phénoménologue et une vision téléologique de la philosophie." L'histoire eidétique " de la philosophie depuis Socrate et Platon jusqu'à Descartes, en passant par les salutaires phases de scepticisme (des anciens à Locke, Berkeley et Hume) pour aboutir au rationalisme (Leibniz et Kant), dessine les chemins et les errements de l'idée de philosophie comme science rationnelle universelle. La genèse historique de cette idée antique nous ouvre le sens caché de l'histoire de l'humanité européenne en général car la fondation d'une telle science fixe " la condition suprême de possibilité " d'une humanité authentiquement raisonnable.Philosophie première, bien avant Krisis, atteste la foi de Husserl en un possible règne de la Raison. Il ne la reniera pas dans les années sombres où l'irrationalisme devait menacer l'existence de l'humanité européenne.
650 4 _aPhilosophie
650 4 _aHistoire
650 4 _aCritique
942 _cBK
999 _c477
_d477